000 00265 a2200121 4500
999 _c12153
_d12153
008 231228b ||||| |||| 00| 0 eng d
020 _a9791196799700
082 _a692.1
100 _aSik
245 _aSaigan Express Between + 2
260 _bIFPD
942 _2ddc